000 01082nam a22002537a 4500
003 OSt
005 20250911162402.0
008 240220b ||||| |||| 00| 0 eng d
040 _c0
082 _aDPer 621.317 Ie21 May 2022 v. 37 n. 5
100 _aJiao, Ning.
_eauthor.
_952770
245 _aThe closed-loop sideband harmonic suppression for CHB inverter with unbalanced operation /
_cNing Jiao, Shunliang Wang, Junpeng Ma, Xiang Chen, Tianqi Liu, Dao Zhou, and Yongheng Yang.
260 _aNew York ;
_bThe Institute of Electrical and Electronics Engineers, Inc. ,
_cMay 2022.
300 _aVolume 37, pages 5333-5341 :
_billustration ;
_c28 cm.
500 _aIEEE Transaction on Power Electronics, vol. 37 no. 5, pages 5333-5341, May 2020.
700 _aJiao, Ning.
_eauthor.
_952770
700 _aWang, Shunliang.
_eauthor.
_952771
700 _aMa, Junpeng.
_eauthor.
_952772
700 _aChen, Xiang.
_eauthor.
_952773
700 _aLiu, Tianqi.
_eauthor.
_952774
700 _aZhou, Dao.
_eauthor.
_952775
700 _aYang, Yongheng.
_eauthor.
_952776
942 _2ddc
_cPER
999 _c19229
_d19229